<?xml version="1.0" encoding="UTF-8"?>
<collection xmlns="http://www.loc.gov/MARC21/slim">
 <record>
  <leader>02736nam a2200337 a 4500</leader>
  <controlfield tag="001">1/45169</controlfield>
  <controlfield tag="008">140729s1999    uk            001 0 eng  </controlfield>
  <datafield tag="020" ind1=" " ind2=" ">
   <subfield code="a">1591242878 (electronic bk.)</subfield>
  </datafield>
  <datafield tag="020" ind1=" " ind2=" ">
   <subfield code="a">9781591242871 (electronic bk.)</subfield>
  </datafield>
  <datafield tag="020" ind1=" " ind2=" ">
   <subfield code="a">9780750641326</subfield>
  </datafield>
  <datafield tag="020" ind1=" " ind2=" ">
   <subfield code="a">0750641320</subfield>
  </datafield>
  <datafield tag="020" ind1=" " ind2=" ">
   <subfield code="a">9780080514086 (electronic bk.)</subfield>
  </datafield>
  <datafield tag="020" ind1=" " ind2=" ">
   <subfield code="a">0080514081 (electronic bk.)</subfield>
  </datafield>
  <datafield tag="035" ind1=" " ind2=" ">
   <subfield code="l">48127</subfield>
  </datafield>
  <datafield tag="040" ind1=" " ind2=" ">
   <subfield code="a">KNOVL</subfield>
   <subfield code="b">eng</subfield>
   <subfield code="c">KNOVL</subfield>
   <subfield code="d">OCLCQ</subfield>
   <subfield code="d">TEF</subfield>
   <subfield code="d">OCLCQ</subfield>
   <subfield code="d">DEBSZ</subfield>
   <subfield code="d">OCLCQ</subfield>
   <subfield code="d">OPELS</subfield>
   <subfield code="d">N$T</subfield>
   <subfield code="d">YDXCP</subfield>
   <subfield code="d">IDEBK</subfield>
   <subfield code="d">ZCU</subfield>
   <subfield code="d">UWW</subfield>
   <subfield code="d">E7B</subfield>
   <subfield code="d">LGG</subfield>
   <subfield code="d">B24X7</subfield>
   <subfield code="d">OCLCQ</subfield>
   <subfield code="d">KNOVL</subfield>
   <subfield code="d">OCLCF</subfield>
   <subfield code="d">GR-PeUP</subfield>
  </datafield>
  <datafield tag="100" ind1="1" ind2=" ">
   <subfield code="a">Brydson, J. A.</subfield>
  </datafield>
  <datafield tag="245" ind1="1" ind2="0">
   <subfield code="a">Plastics materials</subfield>
   <subfield code="h">[electronic resource] /</subfield>
   <subfield code="c">J.A. Brydson.</subfield>
  </datafield>
  <datafield tag="250" ind1=" " ind2=" ">
   <subfield code="a">7th ed.</subfield>
  </datafield>
  <datafield tag="260" ind1=" " ind2=" ">
   <subfield code="a">Oxford ;</subfield>
   <subfield code="a">Boston :</subfield>
   <subfield code="b">Butterworth-Heinemann,</subfield>
   <subfield code="c">1999.</subfield>
  </datafield>
  <datafield tag="300" ind1=" " ind2=" ">
   <subfield code="a">1 online resource (xxvii, 920 p.) :</subfield>
   <subfield code="b">ill.</subfield>
  </datafield>
  <datafield tag="520" ind1=" " ind2=" ">
   <subfield code="a">Provides an overview of the nature, manufacture, structure, properties, processing, and applications of commercially available plastics materials. This revised and updated edition adds new chapters on materials selection and special polymers, including biodegradable and electroconductive polymers and thermoplastic elastomers. In addition, many new plastics materials are added throughout and more information is included on testing methods and data.</subfield>
  </datafield>
  <datafield tag="504" ind1=" " ind2=" ">
   <subfield code="a">Includes bibliographical references and index.</subfield>
  </datafield>
  <datafield tag="505" ind1="0" ind2=" ">
   <subfield code="a">The historical development of plastics materials; The chemical nature of plastics; States of aggregation in polymers; Relation of structure to thermal and mechanical properties; Relation of structure to chemical properties; Additives for plastics; Principles of the processing of plastics; Principles of product design; Polyethylene; Aliphatic polyolefins other than polyethylene, and diene rubbers; Vinyl chloride polymers; Fluorine-containing polymers; Poly (vinyl acetate) and its derivatives; Acrylic plastics; Plastics based on styrene; Miscellaneous vinyl thermoplastics; Polyamides and polyimides; Polycarbonates; Other thermoplastics containing p-phenylene groups; Cellulose plastics; Phenolic resins; Aminoplastics; Polyesters; Epoxide resins; Polyurethanes and polyisocyanurates; Furan resins; Silicones and other heat-resisting polymers; Miscellaneous plastics materials; Special functional polymers; Materials selection.</subfield>
  </datafield>
  <datafield tag="650" ind1=" " ind2="4">
   <subfield code="a">Plastics.</subfield>
  </datafield>
  <datafield tag="655" ind1=" " ind2="4">
   <subfield code="a">Electronic books.</subfield>
  </datafield>
  <datafield tag="852" ind1=" " ind2=" ">
   <subfield code="a">INST</subfield>
   <subfield code="b">UNIPILB</subfield>
   <subfield code="c">EBOOKS</subfield>
   <subfield code="e">20100625</subfield>
   <subfield code="p">00b48127</subfield>
   <subfield code="q">00b48127</subfield>
   <subfield code="t">ONLINE</subfield>
   <subfield code="y">0</subfield>
  </datafield>
  <datafield tag="856" ind1="4" ind2="0">
   <subfield code="3">ScienceDirect</subfield>
   <subfield code="u">http://www.sciencedirect.com/science/book/9780750641326</subfield>
  </datafield>
  <datafield tag="856" ind1="4" ind2=" ">
   <subfield code="d">/webopac/covers/03/48127_9780750641326.jpg</subfield>
  </datafield>
  <datafield tag="856" ind1="4" ind2=" ">
   <subfield code="d">/webopac/covers/03/48127_0750641320.jpg</subfield>
  </datafield>
  <datafield tag="856" ind1="4" ind2=" ">
   <subfield code="d">/webopac/covers/03/48127_9780080514086.jpg</subfield>
   <subfield code="z">(electronic bk.)</subfield>
  </datafield>
  <datafield tag="856" ind1="4" ind2=" ">
   <subfield code="d">/webopac/covers/03/48127_0080514081.jpg</subfield>
   <subfield code="z">(electronic bk.)</subfield>
  </datafield>
 </record>
</collection>
